nazwij dzielnice Grudziadza(nowe) - Statystyki

Ogólne statystyki
  • Ten quiz został rozwiązany 57 razy
  • Średni wynik to 5 z 15
Statystyki odpowiedzi
Hint Odpowiedź % Poprawnych
3,49 km², population ~7970 Rządz
95%
4,68 km², population ~3552 Mniszek
77%
2,12 km², population ~8637 Strzemięcin
77%
10,50 km², population ~10000 Lotnisko
72%
7,65 km², population ~2921 Owczarki
67%
1,03 km², population ~6843 Kopernika
42%
3,87 km², population ~191 Rudnik
35%
1,48 km², population ~5416 Małe Tarpno
23%
3,67 km², population ~2649 Wielkie Tarpno
19%
1,68 km², population ~4033 Kawalerii Polskiej
9%
6,13 km², population ~6329 Kuntersztyn-Tuszewo
5%
0,90 km², population ~2443 Osiedle Chełminskie
5%
4,30 km², population ~10449 Śródmieście Północne ze Starówką
2%
1,01 km² population ~5170 Śródmieście Południowe z Osiedlem Wyzwolenia
2%
5,25 km², population ~785 Węgrowo-Pastwisko
2%
Nie znaleziono quizów pasujących do podanych kryteriów
Rozkład punktacji
Procent ludzi z każdym wynikiem
Percentyl według liczby udzielonych odpowiedzi
Twoja historia wyników
Nie rozwiązałeś tego quizu